000 00410nam a2200133Ia 4500
003 GCL
008 140319s9999 xx 000 0 ara d
040 _aGCL /
_cGCL
082 0 4 _a370.1
_bط د
245 1 0 _aدراسة تحليلية للفكر التربوى فى مصر من 1952 الى 1970
260 _a[S.N] :
_bالهيئة المصرية العامة للكتاب ،
_c1986
300 _a243
490 _a
999 _c28748
_d28748